000 00459nam a2200169 4500
003 SEACOMEC
005 20250827144640.0
008 250827b |||||||| |||| 00| 0 eng d
020 _a8123908407
_c225
040 _aSEACOMEC
082 _a621.86
_bAL422
100 _aAllegri, Theodore H
245 _aMATERIALS HANDLING PRINCIPLES AND PRACTICE
_cTheodore H Allegri
260 _aNew Delhi
_bCBS
_cr2004
650 _aIndustrial Engineering
942 _cBOOK
999 _c2459
_d2459